Guápiles: una pequeña ciudad en expansión en Costa Rica /

Guardat en:
Dades bibliogràfiques
Autor principal: Lungo Uclés, Mario
Autor corporatiu: CSUCA
Altres autors: Rivera, Rolando
Format: Text
Publicat: San José: CSUCA
Etiquetes: Afegir etiqueta
Sense etiquetes, Sigues el primer a etiquetar aquest registre!

MARC

LEADER 00000 a a2200000 04500
001 21074
003
040
090 |a 091100  
100 |a Lungo Uclés, Mario  
110 |a CSUCA  
245 |a Guápiles: una pequeña ciudad en expansión en Costa Rica /  |c Mario Lungo Uclés 
260 |a San José:   |b CSUCA  
300 |a 13 p  
700 |a Rivera, Rolando  
999 |c 11722  |d 11722